Effect of bee pollination on the yield of sesame, sesamum indicum L. / (Record no. 13268)

MARC details
000 -LEADER
fixed length control field 01044nam a22002777a 4500
003 - CONTROL NUMBER IDENTIFIER
control field BD-DhSAU
005 - DATE AND TIME OF LATEST TRANSACTION
control field 20181217144039.0
008 - FIXED-LENGTH DATA ELEMENTS--GENERAL INFORMATION
fixed length control field 160324b2014 bg ||||| |||| 001 0 eng d
040 ## - CATALOGING SOURCE
Original cataloging agency BD-DhSAU
082 ## - DEWEY DECIMAL CLASSIFICATION NUMBER
Edition number 22
Classification number 595.7
Item number R1477
100 ## - MAIN ENTRY--PERSONAL NAME
Personal name Rahman, Md. Zillur
Relator term Registration no. # 12-05242
245 ## - TITLE STATEMENT
Title Effect of bee pollination on the yield of sesame, sesamum indicum L. /
Remainder of title MS thesis
260 ## - PUBLICATION, DISTRIBUTION, ETC. (IMPRINT)
Place of publication, distribution, etc. Sher-e-Bangla Agricultural Uniersity :
Name of publisher, distributor, etc. Department of Entomology,
Date of publication, distribution, etc. 2014
300 ## - PHYSICAL DESCRIPTION
Extent vi, 55 p. :
Other physical details ill. ;
Dimensions 30 cm.
500 ## - GENERAL NOTE
General note S thesis of Department of Entomology, Faculty of Agriculture, Sher-e-Bangla Agricultural University, Dhaka, Bangladesh
590 ## - Name of Cataloguer
Name of Cataloger Md. Sirajul Islam
650 ## - SUBJECT ADDED ENTRY--TOPICAL TERM
Topical term or geographic name as entry element Entomology
650 ## - SUBJECT ADDED ENTRY--TOPICAL TERM
Topical term or geographic name as entry element Pollination
650 ## - SUBJECT ADDED ENTRY--TOPICAL TERM
Topical term or geographic name as entry element Yield
650 ## - SUBJECT ADDED ENTRY--TOPICAL TERM
Topical term or geographic name as entry element Sesame
650 ## - SUBJECT ADDED ENTRY--TOPICAL TERM
Source of heading or term Indicum
700 ## - ADDED ENTRY--PERSONAL NAME
Personal name Ali, Mohammed
Relator term Supervisor
700 ## - ADDED ENTRY--PERSONAL NAME
Personal name Hossain, Mohammed Sakhawat
Relator term Co-Supervisor
856 ## - ELECTRONIC LOCATION AND ACCESS
Uniform Resource Identifier <a href="http://archive.saulibrary.edu.bd:8080/xmlui/handle/123456789/1490">http://archive.saulibrary.edu.bd:8080/xmlui/handle/123456789/1490</a>
Link text Online Access
942 ## - ADDED ENTRY ELEMENTS (KOHA)
Source of classification or shelving scheme Dewey Decimal Classification
Koha item type MS Level Thesis
Holdings
Withdrawn status Lost status Source of classification or shelving scheme Damaged status Not for loan Collection code Home library Branch Name Shelving location Date acquired Total Checkouts Full call number Barcode Date last seen Price effective from Koha item type
    Dewey Decimal Classification   Not For Loan Reference SAU Library SAU Library Reference 11/02/2016   595.7 R1477 39403 24/03/2016 24/03/2016 MS Level Thesis